| 000 | 00974nam a2200277 a 4500 | ||
|---|---|---|---|
| 999 |
_c420339 _d420339 |
||
| 003 | BLK | ||
| 005 | 20250127112212.0 | ||
| 008 | 180408b bul|||||r ||||||| ||bul|| | ||
| 010 | _aKNG00096176000 | ||
| 020 | _a9789542835264 | ||
| 040 | _aBLK | ||
| 041 |
_aBUL _cBUL |
||
| 080 |
_aБългарска литература _b821.163.2 _x-313 _z821.163.2-313 |
||
| 100 | 1 |
_aПопов, Алек _d1966- _qПопов, Александър Василев _eпърви автор _9222582 |
|
| 139 |
_aПопов, Алек Василев _bП 76 |
||
| 245 | 1 | 0 |
_aМисия Туран _bПреброяване на древните българи _cАлек Попов. |
| 250 | _a7. изд. | ||
| 257 | _aBGR | ||
| 260 |
_aСофия _bСиела Норма _c2021 _9217021 _n978-954-28- |
||
| 300 |
_a409 с. _c21 см |
||
| 380 | _aX | ||
| 856 | 4 |
_i0.00 _ldisable |
|
| 856 | 4 |
_i0.00 _ldisable |
|
| 942 |
_cKNG _n0 _036 _s1 |
||
| 944 |
_k30575 _lМартин Енчев |
||